| 000 | 01517nam0a2200421 4500 | ||
|---|---|---|---|
| 001 | RU\NLR\bibl\120811 | ||
| 005 | 20250617100644.0 | ||
| 010 |
_a5-93642-006-X _910000 |
||
| 021 |
_aRU _b2000-31609 _91480 |
||
| 035 | _a(NLR Aleph) 000118317 | ||
| 090 |
_a673115 _c673115 |
||
| 100 | _a20001012d2000 |||y0rusy50 ca | ||
| 101 | 0 | _arus | |
| 102 | _aRU | ||
| 105 | _aa ||||||||| | ||
| 200 | 1 |
_aКовка _aЧеканка _aИнкрустация _aЭмаль _f[Авт.-сост. Борисова Л. Ф.] |
|
| 210 |
_aМ. _cАделант _d2000 |
||
| 215 |
_a223 с. _cил. _d20 |
||
| 225 | 1 | _aСвоими руками | |
| 606 | 0 |
_aХудожественная ковка _91438646 _3RU\NLR\auth\66608536 |
|
| 606 | 0 |
_aХудожественная чеканка _91582423 _3RU\NLR\auth\66694609 |
|
| 606 | 0 |
_aМеталлические художественные изделия _jРуководства, пособия и т.п. _9967598 _3RU\NLR\auth\6643521 |
|
| 610 | 0 | _aЭмали художественные | |
| 610 | 0 | _aЧеканка художественная | |
| 610 | 0 | _aКовка художественная | |
| 675 |
_a739 _v3 _zrus |
||
| 686 |
_a18.31 _2rugasnti |
||
| 686 |
_a85.125 _2rubbk |
||
| 686 | _aК799.82 | ||
| 686 | _aЩ125.408.0я7 | ||
| 701 | 1 |
_aБорисова _bЛ. Ф. _4220 |
|
| 801 | 0 |
_aRU _bRKP _c20001012 _gPSBO |
|
| 801 | 1 |
_aRU _bRKP _c20001012 |
|
| 801 | 2 |
_aRU _bNLR _c20010105 _grcr |
|
| 852 |
_aNLR _j2000-3/14950 |
||
| 942 | _cBOOK | ||
| 980 | _aNB | ||